[Event "Merano Gold Cup 40th"]
[Site "Merano"]
[Date "2012.04.??"]
[Round "9"]
[White "Sieghardt, Walter"]
[Black "Marek, Herbert"]
[Result "0-1"]
[WhiteElo "1642"]
[BlackElo "1889"]
[PlyCount "31"]
[EventDate "2012.04.13"]
[EventType "swiss"]
[EventRounds "9"]
[EventCountry "ITA"]
[SourceTitle "EXT 2015"]
[Source "ChessBase"]
[SourceDate "2014.11.20"]
[SourceVersion "1"]
[SourceVersionDate "2014.11.20"]
[SourceQuality "1"]

1. d4 d5 2. e3 Nf6 3. c4 c6 4. Nc3 a6 5. Nf3 e6 6. a3 Nbd7 7. cxd5 exd5 8. Be2 Be7 9. 0-0 Ne4 10. Qc2 f5 11. h3 0-0 12. Bd3 Kh8 13. b3 Qe8 14. Bb2 Qg6 15. Ne2 Qh6 16. Qd2 0-1

[Event "Merano Cup Gold 37th"]
[Site "Merano"]
[Date "2009.04.20"]
[Round "4"]
[White "Marek, Herbert"]
[Black "Hapke, Ralf"]
[Result "1-0"]
[WhiteElo "1915"]
[BlackElo "1928"]
[PlyCount "105"]
[EventDate "2009.04.17"]
[EventType "swiss"]
[EventRounds "9"]
[EventCountry "ITA"]
[SourceTitle "CBM 130 Extra"]
[Source "ChessBase"]
[SourceDate "2009.07.02"]
[SourceVersion "2"]
[SourceVersionDate "2009.07.15"]
[SourceQuality "1"]

1. d4 Nf6 2. c4 c5 3. e3 cxd4 4. exd4 d5 5. Nc3 g6 6. cxd5 Bg7 7. Bc4 0-0 8. Nge2 Na6 9. 0-0 Nc7 10. Qb3 b6 11. Bf4 Bb7 12. Bxc7 Qxc7 13. Rac1 Ng4 14. g3 h5 15. Rfd1 Bh6 16. Rc2 Qd7 17. Bd3 Nf6 18. Bb5 Qd6 19. Bc4 a6 20. a4 Rac8 21. f4 Kh7 22. Rd3 Qc7 23. Nb1 Bxd5 24. Rdc3 Qd6 25. Bxd5 Rxc3 26. Nbxc3 h4 27. Qc4 Qd7 28. Bxf7 e5 29. Be6 Qb7 30. Nd5 Nxd5 31. Qxd5 Qxd5 32. Bxd5 exf4 33. Rc7+ Kh8 34. Bf7 fxg3 35. hxg3 hxg3 36. Kg2 Be3 37. Kxg3 Kg7 38. Bc4+ Kh6 39. d5 a5 40. d6 Rd8 41. d7 Bc5 42. Rb7 Kg7 43. Nf4 Bd6 44. Kg4 Bxf4 45. Kxf4 Kf8 46. Be6 Ke7 47. Ke5 g5 48. Rxb6 g4 49. Bxg4 Rg8 50. Re6+ Kd8 51. Re8+ Rxe8+ 52. dxe8Q+ Kxe8 53. Kd5 1-0

[Event "Merano Cup Gold 37th"]
[Site "Merano"]
[Date "2009.04.17"]
[Round "1"]
[White "Klages, Hans Juergen"]
[Black "Marek, Herbert"]
[Result "1-0"]
[WhiteElo "2019"]
[BlackElo "1915"]
[PlyCount "105"]
[EventDate "2009.04.17"]
[EventType "swiss"]
[EventRounds "9"]
[EventCountry "ITA"]
[SourceTitle "CBM 130 Extra"]
[Source "ChessBase"]
[SourceDate "2009.07.02"]
[SourceVersion "2"]
[SourceVersionDate "2009.07.15"]
[SourceQuality "1"]

1. d4 d5 2. Nc3 Nf6 3. e4 dxe4 4. Bg5 Nbd7 5. Bc4 g6 6. Qd2 Bg7 7. Bh6 0-0 8. Bxg7 Kxg7 9. 0-0-0 a6 10. Nge2 b5 11. Bb3 Nb6 12. h3 b4 13. Nb1 a5 14. a3 Nbd5 15. g4 bxa3 16. Nxa3 a4 17. Bc4 Ba6 18. Ng3 Bxc4 19. Nxc4 Nb6 20. Na3 Qd5 21. g5 Nfd7 22. Rhe1 Nc4 23. Nxc4 Qxc4 24. Re3 Rfb8 25. Qc3 Nb6 26. Nxe4 Qa2 27. Qa3 Qxa3 28. Rxa3 Nc4 29. Ra2 Ra5 30. Nc5 Rba8 31. f4 Nb6 32. Kd2 Nd5 33. Nd3 R5a6 34. c4 Nb6 35. Kc3 Rb8 36. d5 Nd7 37. b4 c6 38. dxc6 Rxc6 39. Ne5 Nxe5 40. fxe5 Re6 41. Rd5 Ra6 42. b5 Raa8 43. Kb4 e6 44. Rd7 Kf8 45. Rxa4 Ke8 46. Rxa8 Rxa8 47. Rb7 Ra1 48. b6 Re1 49. c5 Re4+ 50. Kb5 Rxe5 51. Kc6 Rxg5 52. Rb8+ Ke7 53. b7 1-0

[Event "Merano Gold Cup 36th"]
[Site "Merano"]
[Date "2008.04.04"]
[Round "1"]
[White "Marek, Herbert"]
[Black "Wempe, Juergen"]
[Result "0-1"]
[WhiteElo "1927"]
[BlackElo "2183"]
[PlyCount "54"]
[EventDate "2008.04.04"]
[EventType "swiss"]
[EventRounds "9"]
[EventCountry "ITA"]
[SourceTitle "EXT 2015"]
[Source "ChessBase"]
[SourceDate "2014.11.20"]
[SourceVersion "1"]
[SourceVersionDate "2014.11.20"]
[SourceQuality "1"]

1. d4 f5 2. Qd3 e6 3. g4 d5 4. gxf5 exf5 5. Nf3 Nf6 6. Rg1 g6 7. Bg5 Bg7 8. h4 c6 9. Qe3+ Kf8 10. Bh6 Ng4 11. Bxg7+ Kxg7 12. Qf4 Re8 13. Nbd2 Nd7 14. h5 Nf8 15. Ne5 Ne6 16. Qg3 Nxd4 17. 0-0-0 Nxe5 18. e3 Nb5 19. f4 Ng4 20. e4 fxe4 21. Be2 gxh5 22. Qh3 Nd4 23. Bxg4 Bxg4 24. Rg2 Ne2+ 25. Kb1 Nxf4 26. Rxg4+ hxg4 27. Qxg4+ Ng6 0-1

[Event "Corfu op"]
[Site "Corfu"]
[Date "2007.10.04"]
[Round "4"]
[White "Marek, Herbert"]
[Black "Witte, Ronald"]
[Result "0-1"]
[WhiteElo "1953"]
[BlackElo "2070"]
[PlyCount "72"]
[EventDate "2007.10.01"]
[EventType "swiss"]
[EventRounds "9"]
[EventCountry "GRE"]
[SourceTitle "CBM 120 Extra"]
[Source "ChessBase"]
[SourceDate "2007.11.01"]
[SourceVersion "1"]
[SourceVersionDate "2007.11.01"]
[SourceQuality "1"]

1. d4 d5 2. c4 c6 3. Nc3 Nf6 4. e3 e6 5. Nf3 Nbd7 6. Bd3 dxc4 7. Bxc4 b5 8. Bd3 Bb7 9. e4 a6 10. e5 Nd5 11. 0-0 c5 12. Re1 Nxc3 13. bxc3 Be7 14. Be4 Bxe4 15. Rxe4 0-0 16. Qe2 cxd4 17. cxd4 Re8 18. h4 Nb6 19. Ng5 h6 20. Nxf7 Kxf7 21. Qh5+ Kg8 22. Bxh6 Bf8 23. Qg6 Qd7 24. Rf4 Nd5 25. Rf3 Re7 26. Bg5 Rf7 27. Rg3 Ne7 28. Bxe7 Bxe7 29. Qg4 Rc8 30. Rd1 Rc2 31. d5 Bc5 32. dxe6 Rfxf2 33. exd7 Rxg2+ 34. Kf1 Rgf2+ 35. Ke1 Bb4+ 36. Qxb4 Rce2# 0-1

[Event "Merano Gold Cup 34th"]
[Site "Merano"]
[Date "2006.04.29"]
[Round "9"]
[White "Kuhn, Hans"]
[Black "Marek, Herbert"]
[Result "0-1"]
[WhiteElo "1317"]
[BlackElo "1622"]
[PlyCount "48"]
[EventDate "2006.04.21"]
[EventType "swiss"]
[EventRounds "9"]
[EventCountry "ITA"]
[SourceTitle "EXT 2007"]
[Source "ChessBase"]
[SourceDate "2006.11.23"]
[SourceVersion "1"]
[SourceVersionDate "2006.11.23"]
[SourceQuality "1"]

1. e4 c5 2. Nf3 e6 3. d4 cxd4 4. Nxd4 a6 5. Be2 Nf6 6. f3 Bc5 7. 0-0 Qb6 8. c3 e5 9. b4 Be7 10. Kh1 exd4 11. Qxd4 Qxd4 12. cxd4 Bxb4 13. Bb2 0-0 14. Nc3 d6 15. Bc4 b5 16. Bb3 Bb7 17. Rac1 Nc6 18. Nd5 Nxd5 19. Bxd5 Rac8 20. Rc2 Rc7 21. Rfc1 Rfc8 22. Bxf7+ Kxf7 23. d5 Ba5 24. dxc6 Rxc6 0-1

[Event "EU-ch Seniors 05th"]
[Site "Bad Homburg"]
[Date "2005.??.??"]
[Round "5"]
[White "Marek, Herbert"]
[Black "Schumacher, Helmut"]
[Result "0-1"]
[WhiteElo "2015"]
[BlackElo "2136"]
[PlyCount "58"]
[EventDate "2005.06.25"]
[EventType "swiss"]
[EventRounds "9"]
[EventCountry "GER"]
[SourceTitle "EXT 2006"]
[Source "ChessBase"]
[SourceDate "2005.11.24"]
[SourceVersion "1"]
[SourceVersionDate "2005.11.24"]
[SourceQuality "1"]

1. d4 d5 2. c4 e6 3. Nc3 c6 4. e3 Nf6 5. Nf3 Nbd7 6. Bd3 dxc4 7. Bxc4 b5 8. Bd3 a6 9. 0-0 c5 10. Ne4 Bb7 11. Nxf6+ Qxf6 12. e4 h6 13. d5 e5 14. Nd2 Bd6 15. f4 exf4 16. e5 Bxe5 17. Ne4 Qb6 18. Kh1 g5 19. Bc2 0-0-0 20. Rb1 Nf6 21. Nxf6 Qxf6 22. b4 c4 23. a4 Bxd5 24. Qg4+ Kb8 25. axb5 axb5 26. Be3 Bb7 27. Bc5 Rd2 28. Rf2 Rhd8 29. Qh3 Rxf2 0-1

[Event "Alpenpokal op 30th"]
[Site "Tiefenbach"]
[Date "2004.??.??"]
[Round "6"]
[White "Boehm, Karl Heinz"]
[Black "Marek, Herbert"]
[Result "1/2-1/2"]
[WhiteElo "1595"]
[BlackElo "1651"]
[PlyCount "93"]
[EventDate "2004.01.08"]
[EventType "swiss"]
[EventRounds "9"]
[EventCountry "GER"]
[SourceTitle "EXT 2006"]
[Source "ChessBase"]
[SourceDate "2005.11.24"]
[SourceVersion "1"]
[SourceVersionDate "2005.11.24"]
[SourceQuality "1"]

1. d4 d5 2. c4 c6 3. cxd5 cxd5 4. Nc3 Nf6 5. Bf4 a6 6. e3 e6 7. Bd3 Bd6 8. Bg3 0-0 9. Nf3 Nc6 10. a3 Nh5 11. Rc1 f5 12. Bxd6 Qxd6 13. 0-0 f4 14. Re1 fxe3 15. Rxe3 Nf4 16. Qc2 Nxd3 17. Qxd3 Qf4 18. Ne2 Qh6 19. Re1 Bd7 20. Ne5 Nxe5 21. Rxe5 Rf6 22. Ng3 Qf4 23. Qe3 Raf8 24. Re2 Bb5 25. Rd2 Qg4 26. h3 Qg6 27. Kh2 Bd7 28. Rg5 Qh6 29. Nh5 Rg6 30. Rxg6 Qxg6 31. Ng3 h5 32. Ne2 Qf5 33. Ng1 Rc8 34. Nf3 Rf8 35. Qe5 Qf4+ 36. Qxf4 Rxf4 37. Ne5 Ba4 38. Kg3 g5 39. f3 Kg7 40. Kh2 Rf8 41. g3 Rc8 42. Kg2 Rc1 43. Kf2 Kf6 44. g4 h4 45. Nd3 Rc8 46. Ne5 Rc1 47. Nd3 1/2-1/2

[Event "Alpenpokal op 30th"]
[Site "Tiefenbach"]
[Date "2004.??.??"]
[Round "3"]
[White "Marek, Herbert"]
[Black "Fischer, Paul"]
[Result "0-1"]
[WhiteElo "1651"]
[BlackElo "1740"]
[PlyCount "96"]
[EventDate "2004.01.08"]
[EventType "swiss"]
[EventRounds "9"]
[EventCountry "GER"]
[SourceTitle "EXT 2006"]
[Source "ChessBase"]
[SourceDate "2005.11.24"]
[SourceVersion "1"]
[SourceVersionDate "2005.11.24"]
[SourceQuality "1"]

1. d4 Na6 2. e4 c6 3. f4 d5 4. e5 Bf5 5. c3 Nc7 6. Bd3 Qd7 7. Nf3 Nh6 8. 0-0 e6 9. Nh4 Bxd3 10. Qxd3 Be7 11. Nf3 0-0 12. Na3 c5 13. Ng5 Nf5 14. g4 c4 15. Qc2 Bxg5 16. gxf5 Bh4 17. fxe6 fxe6 18. Be3 Rf5 19. Kh1 Qf7 20. Rf3 Rh5 21. Rg1 Rf8 22. Rg4 Be7 23. Rfg3 g6 24. Qg2 Kh8 25. Nc2 Ne8 26. Ne1 Ng7 27. Rh3 Rxh3 28. Qxh3 Nf5 29. Bc1 Ng7 30. Nf3 Qf5 31. Qg2 Qd3 32. Ne1 Qb1 33. Qc2 Qxa2 34. Nf3 Nf5 35. Rg1 a5 36. Qf2 Qa4 37. h4 Qe8 38. Ng5 Bxg5 39. hxg5 Ng7 40. Qh2 Nh5 41. Kg2 Qf7 42. Rf1 Qf5 43. Kg1 b5 44. Kg2 Qg4+ 45. Kf2 Nxf4 46. Ke3 Ng2+ 47. Qxg2 Qxg2 48. Rxf8+ Kg7 0-1

[Event "Alpenpokal op 28th"]
[Site "Oberstdorf"]
[Date "2002.??.??"]
[Round "5"]
[White "Marek, Herbert"]
[Black "Wassem, Michael"]
[Result "1-0"]
[WhiteElo "1727"]
[BlackElo "1401"]
[PlyCount "71"]
[EventDate "2002.01.12"]
[EventType "swiss"]
[EventRounds "9"]
[EventCountry "GER"]
[SourceTitle "EXT 2003"]
[Source "ChessBase"]
[SourceDate "2002.11.25"]
[SourceVersion "1"]
[SourceVersionDate "2002.11.25"]
[SourceQuality "1"]

1. d4 Nf6 2. Bg5 d5 3. e3 e6 4. Bd3 Be7 5. Ne2 Nc6 6. c3 h6 7. Bh4 Bd7 8. Nd2 e5 9. dxe5 Nxe5 10. Bc2 Bg4 11. 0-0 Bh5 12. h3 Bg6 13. f4 Bxc2 14. Qxc2 Ng6 15. Bg3 Bc5 16. Nd4 0-0 17. N2f3 Nh5 18. Bh2 Re8 19. Ne5 Nxe5 20. fxe5 f6 21. Qg6 fxe5 22. Qxh5 exd4 23. Qf7+ Kh8 24. exd4 Rf8 25. Qg6 Bd6 26. Be5 Bxe5 27. dxe5 Qe8 28. Rxf8+ Qxf8 29. Rf1 Qe8 30. Qf5 Kg8 31. e6 Qf8 32. Qxd5 Qe7 33. Rf7 Rd8 34. Rxe7 Rxd5 35. Rxc7 Rb5 36. Rc8+ 1-0